Účtovníctvo rozpočtových a príspevkových organizácií
Gespeichert in:
| 1. Verfasser: | |
|---|---|
| Körperschaft: | |
| Weitere Verfasser: | |
| Format: | Buch |
| Sprache: | Slowakisch |
| Veröffentlicht: |
Bratislava
Vydavateľstvo Ekonóm
2001
|
| Ausgabe: | 3. preprac. vyd. |
| Schlagworte: | |
| Tags: |
Keine Tags, Fügen Sie das erste Tag hinzu!
|
MARC
| LEADER | 00000nam a2200000 4500 | ||
|---|---|---|---|
| 001 | c127543 | ||
| 005 | 20221124102442.1 | ||
| 020 | |a 80-225-0265-0 | ||
| 041 | 0 | |a slo | |
| 044 | |a SK | ||
| 245 | 1 | 0 | |a Účtovníctvo rozpočtových a príspevkových organizácií |c Antónia Kovalčíková, Alena Kordošová |
| 250 | |a 3. preprac. vyd. | ||
| 264 | 1 | |a Bratislava |b Vydavateľstvo Ekonóm |c 2001 | |
| 300 | |a 276 s. | ||
| 610 | 2 | 0 | |a účtovníctvo |
| 610 | 2 | 0 | |a organizácie príspevkové |
| 610 | 2 | 0 | |a organizácie rozpočtové |
| 610 | 2 | 0 | |a metodika |
| 610 | 2 | 0 | |a osnova účtová |
| 610 | 2 | 0 | |a účtovanie |
| 610 | 2 | 0 | |a majetok investičný |
| 610 | 2 | 0 | |a zásoby |
| 610 | 2 | 0 | |a záväzky |
| 610 | 2 | 0 | |a pohľadávky |
| 100 | 1 | |a Kovalčíková, Antónia | |
| 700 | 1 | |a Kordošová, Alena, 1970- | |
| 710 | 2 | |a Ekonomická univerzita v Bratislave. Fakulta hospodárskej informatiky | |